| 000 | 00395nam a2200133Ia 4500 | ||
|---|---|---|---|
| 008 | 170221s9999 xx 000 0 und d | ||
| 100 | _aBajram, Narela | ||
| 245 | _aASSET-LIABILITY MANAGEMENT MODELS IN DECISION MAKING | ||
| 245 | _cNarela Bajram, Mehmet Can | ||
| 260 | _c2012 | ||
| 300 | _a32 : 5 | ||
| 650 | _xBusiness | ||
| 856 | _uhttp://escijournals.net/index.php/JBF/article/view/31/133 | ||
| 999 |
_c311241 _d311241 |
||